Welcome to the Holygrace Academy Library

Please use search bar below to get started

MUTTA VIRINJU PURATHU VANNA MANUSHYAN (Record no. 7142)

MARC details
000 -LEADER
fixed length control field 00511nam a22001577a 4500
020 ## - INTERNATIONAL STANDARD BOOK NUMBER
ISBN 978-93-95338-43-1
082 ## - DEWEY DECIMAL CLASSIFICATION NUMBER
Classification number 894.812
Item number SUD/M
100 ## - MAIN ENTRY--AUTHOR NAME
Personal name MURTY, SUDHA
245 ## - TITLE STATEMENT
Title MUTTA VIRINJU PURATHU VANNA MANUSHYAN
246 ## - VARYING FORM OF TITLE
Title proper/short title MUTTA VIRINJU PURATHU VANNA MANUSHYAN
Remainder of title MUTTA VIRINJU PURATHU VANNA MANUSHYAN
260 ## - PUBLICATION, DISTRIBUTION, ETC. (IMPRINT)
Place of publication THRISSUR
Name of publisher CURRENT BOOKS
Year of publication 2023
300 ## - PHYSICAL DESCRIPTION
Number of Pages 178
520 ## - SUMMARY, ETC.
Summary, etc BRAHMA-VISHNU-MAHESHWARANMAAREKURICHULLA ASADHARANA KADHAKAL
650 ## - SUBJECT ADDED ENTRY--TOPICAL TERM
Topical Term MALAYALAM CHILDRENS LITERATURE
Geographic subdivision KERALA
942 ## - ADDED ENTRY ELEMENTS (KOHA)
Koha item type Books
Holdings
Withdrawn status Lost status Collection code Home library Current library Shelving location Date acquired Source of acquisition Cost, normal purchase price Full call number Accession Number Koha item type
    Fiction Main Library Main Library NEW SHELF WITH NEW ENTRY 26/10/2023 purchase 250.00 894.812.3 SUD/M 13136 Books